[Event "Montreal Mercredi 05"]
[Site "Montreal CAN"]
[Date "2007.05.23"]
[Round "2"]
[White "Millette, Sylvain"]
[Black "Beladel, Brahim"]
[Result "1/2-1/2"]
[WhiteElo "1655"]
[BlackElo "1694"]
[PlyCount "111"]
[GameId "2160767910676260"]
[EventDate "2007.05.16"]
[EventType "swiss"]
[EventRounds "6"]
[EventCountry "CAN"]
[SourceTitle "EXT 2022"]
[Source "ChessBase"]
[SourceDate "2021.10.06"]
[SourceVersion "1"]
[SourceVersionDate "2021.10.06"]
[SourceQuality "1"]

1. Nf3 d5 2. g3 Nf6 3. Bg2 g6 4. O-O Bg7 5. d4 O-O 6. Nbd2 c6 7. c4 dxc4 8. Nxc4 Be6 9. Ncd2 h6 10. b3 Nbd7 11. Bb2 Qb6 12. Qc2 Rac8 13. Rac1 c5 14. Qd3 Rfd8 15. Nc4 Qa6 16. e4 b5 17. Na3 c4 18. bxc4 bxc4 19. Qe2 Nb6 20. d5 Bg4 21. h3 Bxf3 22. Bxf3 Qa4 23. Rc3 Nfd7 24. Re3 c3 25. Bc1 Ne5 26. Qb5 h5 27. Qxa4 Nxa4 28. Bd1 Nb2 29. Bc2 Rc5 30. f4 Nec4 31. Nxc4 Nxc4 32. Rd3 Nb2 33. Rdf3 Rdc8 34. f5 Nc4 35. fxg6 fxg6 36. Kh2 Nd2 37. Bxd2 cxd2 38. Bb3 Kh8 39. g4 Be5+ 40. Kg2 h4 41. Rf8+ Rxf8 42. Rxf8+ Kg7 43. Rf1 Bg3 44. Rd1 Be1 45. e5 Kf8 46. d6 exd6 47. exd6 Ke8 48. Ba4+ Kd8 49. Rb1 Bg3 50. Rb8+ Rc8 51. Rxc8+ Kxc8 52. d7+ Kd8 53. Kf3 g5 54. Ke4 d1=Q 55. Bxd1 Kxd7 56. Kd5 1/2-1/2

[Event "Montreal Mercredi 05"]
[Site "Montreal CAN"]
[Date "2007.05.23"]
[Round "2"]
[White "Noriega, Harold"]
[Black "Teasdale, Alain"]
[Result "1-0"]
[WhiteElo "1740"]
[BlackElo "1627"]
[PlyCount "121"]
[GameId "2160767910676261"]
[EventDate "2007.05.16"]
[EventType "swiss"]
[EventRounds "6"]
[EventCountry "CAN"]
[SourceTitle "EXT 2022"]
[Source "ChessBase"]
[SourceDate "2021.10.06"]
[SourceVersion "1"]
[SourceVersionDate "2021.10.06"]
[SourceQuality "1"]

1. e4 c5 2. Nf3 e6 3. d4 cxd4 4. Nxd4 Nf6 5. Bd3 Be7 6. O-O d6 7. c4 a6 8. Nc3 Bd7 9. Be3 Nc6 10. Rc1 Rc8 11. b3 Ne5 12. Be2 O-O 13. Kh1 Qa5 14. f4 Ng6 15. Qe1 e5 16. fxe5 dxe5 17. Nf5 Bb4 18. Bd2 Nf4 19. Bxf4 exf4 20. Rxf4 Qe5 21. Qg3 Bxf5 22. Rxf5 Qxg3 23. hxg3 Bxc3 24. Rxc3 Nxe4 25. Re3 Rfe8 26. Kh2 Nf6 27. Rfe5 Rxe5 28. Rxe5 Kf8 29. Bf3 b6 30. Re2 a5 31. Kg1 Rd8 32. Kf2 Nd7 33. Rd2 Ke7 34. Ke3 Nc5 35. Rxd8 Kxd8 36. Kd4 Kc7 37. Bd5 f6 38. Bg8 h6 39. Bh7 Kd6 40. Bf5 g5 41. g4 Ne6+ 42. Bxe6 Kxe6 43. a3 f5 44. gxf5+ Kxf5 45. Ke3 Ke5 46. g4 Kf6 47. b4 axb4 48. axb4 Ke5 49. b5 Ke6 50. Ke4 Kd6 51. Kd4 Kd7 52. Kd5 Kc7 53. Ke6 Kc8 54. Kf6 Kd7 55. Kg6 Ke6 56. Kxh6 Kf6 57. c5 bxc5 58. b6 c4 59. b7 Ke5 60. b8=Q+ Kd4 61. Kxg5 1-0

[Event "Montreal Mercredi 05"]
[Site "Montreal CAN"]
[Date "2007.05.23"]
[Round "2"]
[White "Plante, Michel"]
[Black "Pregent, Daniel"]
[Result "1-0"]
[WhiteElo "1955"]
[BlackElo "1814"]
[PlyCount "125"]
[GameId "2160767910676262"]
[EventDate "2007.05.16"]
[EventType "swiss"]
[EventRounds "6"]
[EventCountry "CAN"]
[SourceTitle "EXT 2022"]
[Source "ChessBase"]
[SourceDate "2021.10.06"]
[SourceVersion "1"]
[SourceVersionDate "2021.10.06"]
[SourceQuality "1"]

1. d4 Nf6 2. Nf3 e6 3. Nbd2 d5 4. e3 c5 5. c3 Nc6 6. Bd3 b6 7. Ne5 Bd7 8. f4 Bd6 9. O-O Qc7 10. Kh1 h5 11. b3 Ng4 12. Qe2 f5 13. Ndf3 Bxe5 14. dxe5 O-O-O 15. Bd2 Rdg8 16. h4 Ne7 17. a4 Bc6 18. a5 Kd7 19. Ra2 Rb8 20. Rfa1 b5 21. c4 a6 22. Rc2 bxc4 23. bxc4 Rb3 24. cxd5 Nxd5 25. Rxc5 Rxd3 26. Rac1 Rb8 27. Kg1 Rbb3 28. Rxc6 Qa7 29. Rd6+ Ke7 30. Nd4 Rxd4 31. Rxa6 Qb7 32. exd4 Rb2 33. Rac6 Qb3 34. Qf3 Qa2 35. Be1 Kf7 36. R6c3 Nxc3 37. Bxc3 Rb1 38. Rf1 Rxf1+ 39. Qxf1 Ne3 40. Qf2 Qxf2+ 41. Kxf2 Nd1+ 42. Ke2 Nxc3+ 43. Kd3 Nd5 44. g3 Ke7 45. Kc4 Kd7 46. Kc5 Kc7 47. a6 Nb6 48. a7 Nd7+ 49. Kb5 Kb7 50. a8=Q+ Kxa8 51. Kc6 Nf8 52. Kd6 Kb7 53. Ke7 Ng6+ 54. Kf7 Nxf4 55. gxf4 g5 56. hxg5 h4 57. g6 h3 58. g7 h2 59. g8=Q h1=Q 60. Qg5 Kc6 61. Kxe6 Qh7 62. Qxf5 Qd7+ 63. Kf6 1-0

[Event "Montreal Mercredi 05"]
[Site "Montreal CAN"]
[Date "2007.05.23"]
[Round "2"]
[White "Regnier, Alain"]
[Black "Poirier, Erik"]
[Result "1-0"]
[WhiteElo "2091"]
[BlackElo "2016"]
[PlyCount "89"]
[GameId "2160767910684456"]
[EventDate "2007.05.16"]
[EventType "swiss"]
[EventRounds "6"]
[EventCountry "CAN"]
[SourceTitle "EXT 2022"]
[Source "ChessBase"]
[SourceDate "2021.10.06"]
[SourceVersion "1"]
[SourceVersionDate "2021.10.06"]
[SourceQuality "1"]

1. f4 d5 2. Nf3 c5 3. e3 g6 4. Be2 Bg7 5. O-O Nf6 6. d4 b6 7. c3 O-O 8. Qa4 Qc7 9. Ne5 Ne4 10. Nd2 Bf5 11. g4 Nxd2 12. Bxd2 Be4 13. Bf3 f6 14. Bxe4 dxe4 15. Qc4+ e6 16. Qxe6+ Kh8 17. Nc4 Na6 18. Na3 Rae8 19. Qc4 Nb8 20. Be1 f5 21. g5 Qf7 22. dxc5 Qxc4 23. Nxc4 bxc5 24. Bf2 Rd8 25. Rfd1 Nc6 26. Kf1 Kg8 27. Ke2 Kf7 28. Rxd8 Rxd8 29. Rd1 Rxd1 30. Kxd1 Ke6 31. Kc2 Kd5 32. Kb3 Bh8 33. Be1 Bg7 34. h4 Bh8 35. Bd2 Bg7 36. Na3 Na5+ 37. Kc2 c4 38. b3 a6 39. Bc1 Bf8 40. Nb1 Nb7 41. Ba3 Bg7 42. Nd2 cxb3+ 43. axb3 Nc5 44. Bxc5 Kxc5 45. b4+ 1-0

[Event "Montreal Mercredi 05"]
[Site "Montreal CAN"]
[Date "2007.05.23"]
[Round "2"]
[White "Sekki, Abderaouf"]
[Black "Katch, Gary"]
[Result "1/2-1/2"]
[WhiteElo "1644"]
[BlackElo "1746"]
[PlyCount "91"]
[GameId "2160767910684457"]
[EventDate "2007.05.16"]
[EventType "swiss"]
[EventRounds "6"]
[EventCountry "CAN"]
[SourceTitle "EXT 2022"]
[Source "ChessBase"]
[SourceDate "2021.10.06"]
[SourceVersion "1"]
[SourceVersionDate "2021.10.06"]
[SourceQuality "1"]

1. d4 Nf6 2. c4 e5 3. e3 exd4 4. exd4 d5 5. Nf3 Be7 6. Be2 O-O 7. O-O c6 8. Nc3 Nbd7 9. Re1 Re8 10. cxd5 Nxd5 11. Nxd5 cxd5 12. Bb5 a6 13. Ba4 b5 14. Bc2 Bf6 15. Rxe8+ Qxe8 16. Qd3 g6 17. Bh6 Nf8 18. Re1 Be6 19. Ne5 Bf5 20. Qf3 Qe6 21. Bxf5 gxf5 22. Qh3 Bg7 23. Bxg7 Kxg7 24. Qg3+ Ng6 25. Nf3 Qf6 26. Qc7 Rd8 27. Rc1 Rd6 28. Rc5 Nf4 29. g3 Nd3 30. Rc2 Nb4 31. Re2 Rc6 32. Qb7 Re6 33. Rxe6 Qxe6 34. a3 Nd3 35. Ne5 Nxe5 36. dxe5 Qxe5 37. Qxa6 Qxb2 38. Qd6 Qb1+ 39. Kg2 Qe4+ 40. Kg1 d4 41. Qb4 Qd5 42. Kf1 Kf6 43. Ke1 Qc4 44. Qf8 Qc3+ 45. Kd1 Qd3+ 46. Ke1 1/2-1/2

[Event "Montreal Mercredi 05"]
[Site "Montreal CAN"]
[Date "2007.05.23"]
[Round "2"]
[White "Tessier, Olivier"]
[Black "Gilman, Arkadiy"]
[Result "1-0"]
[WhiteElo "2077"]
[BlackElo "2068"]
[PlyCount "89"]
[GameId "2160767910684458"]
[EventDate "2007.05.16"]
[EventType "swiss"]
[EventRounds "6"]
[EventCountry "CAN"]
[SourceTitle "EXT 2022"]
[Source "ChessBase"]
[SourceDate "2021.10.06"]
[SourceVersion "1"]
[SourceVersionDate "2021.10.06"]
[SourceQuality "1"]

1. e4 e6 2. d4 d5 3. Nd2 Nf6 4. e5 Nfd7 5. Bd3 c5 6. c3 Nc6 7. Ne2 cxd4 8. cxd4 Qb6 9. Nf3 f6 10. exf6 Nxf6 11. O-O Bd6 12. Bf4 Bxf4 13. Nxf4 O-O 14. Ng5 Nxd4 15. Qb1 g6 16. Bxg6 Qc7 17. Nh5 Nxh5 18. Bxh5 Qg7 19. f4 e5 20. Qd1 e4 21. Bf7+ Rxf7 22. Nxf7 Kxf7 23. Qh5+ Kf8 24. Qxd5 Bh3 25. Qxe4 Re8 26. Qd5 Nf5 27. Rf2 Ne3 28. Qg5 Bxg2 29. Qxg7+ Kxg7 30. Re1 Bc6 31. Rfe2 Rf8 32. Rxe3 Rxf4 33. Rg3+ Kh6 34. Re6+ Kh5 35. Re5+ Kh4 36. Re6 Kh5 37. Re7 Be4 38. Reg7 Kh4 39. h3 Bg6 40. Rg4+ Rxg4+ 41. hxg4 Be4 42. Kf2 h5 43. Ke3 Bd5 44. Kf4 hxg4 45. Rh7# 1-0

[Event "Montreal Mercredi 05"]
[Site "Montreal CAN"]
[Date "2007.05.23"]
[Round "2"]
[White "Torkan, Behnam"]
[Black "Leclair, Hugues"]
[Result "1-0"]
[WhiteElo "1914"]
[BlackElo "1797"]
[PlyCount "45"]
[GameId "2160767910684459"]
[EventDate "2007.05.16"]
[EventType "swiss"]
[EventRounds "6"]
[EventCountry "CAN"]
[SourceTitle "EXT 2022"]
[Source "ChessBase"]
[SourceDate "2021.10.06"]
[SourceVersion "1"]
[SourceVersionDate "2021.10.06"]
[SourceQuality "1"]

1. e4 c5 2. d4 cxd4 3. c3 dxc3 4. Nxc3 Nc6 5. Bc4 a6 6. Nf3 e6 7. O-O Qc7 8. Bg5 Be7 9. Qd2 Ne5 10. Nxe5 Qxe5 11. Bf4 Qc5 12. Bb3 Nf6 13. Rac1 Qh5 14. Bd6 Ng4 15. h3 Ne5 16. Na4 Qxh3 17. Bxe5 Qg4 18. Nb6 Bg5 19. f4 Bh4 20. Bd6 Bg3 21. Rf3 h5 22. Nxa8 f6 23. Rxc8+ 1-0

[Event "Montreal Mercredi 05"]
[Site "Montreal CAN"]
[Date "2007.05.30"]
[Round "3"]
[White "Beladel, Brahim"]
[Black "Noriega, Harold"]
[Result "0-1"]
[WhiteElo "1694"]
[BlackElo "1740"]
[PlyCount "88"]
[GameId "2160767910684460"]
[EventDate "2007.05.16"]
[EventType "swiss"]
[EventRounds "6"]
[EventCountry "CAN"]
[SourceTitle "EXT 2022"]
[Source "ChessBase"]
[SourceDate "2021.10.06"]
[SourceVersion "1"]
[SourceVersionDate "2021.10.06"]
[SourceQuality "1"]

1. e4 c5 2. Nc3 d6 3. Nf3 Nf6 4. d4 cxd4 5. Nxd4 a6 6. Be3 e6 7. Be2 Nc6 8. Qd2 b5 9. a3 Bb7 10. f3 Ne5 11. Nb3 Nc4 12. Bxc4 bxc4 13. Nd4 Be7 14. O-O O-O 15. Nde2 Qc7 16. Bf4 Rfd8 17. Kh1 Rd7 18. Rad1 Rad8 19. Na4 Bc6 20. Nec3 Qb7 21. Be3 Rb8 22. Nb6 Rdd8 23. Nxc4 Bb5 24. Nxb5 Qxb5 25. b3 d5 26. a4 Qe8 27. exd5 exd5 28. Nb2 Bd6 29. Nd3 h6 30. Rfe1 Qc6 31. Bd4 Nd7 32. Qf2 Rbc8 33. Re2 Nf8 34. Ne5 Qb7 35. Rde1 Ne6 36. Bb6 Bxe5 37. Rxe5 Rd6 38. a5 Qc6 39. R5e2 d4 40. f4 d3 41. cxd3 Rxd3 42. b4 Rb3 43. Re4 Rc3 44. h3 Qb5 0-1

[Event "Montreal Mercredi 05"]
[Site "Montreal CAN"]
[Date "2007.05.30"]
[Round "3"]
[White "Beland, Stephane"]
[Black "Frangulian, Eric"]
[Result "1/2-1/2"]
[WhiteElo "1585"]
[BlackElo "1545"]
[PlyCount "55"]
[GameId "2160767910684461"]
[EventDate "2007.05.16"]
[EventType "swiss"]
[EventRounds "6"]
[EventCountry "CAN"]
[SourceTitle "EXT 2022"]
[Source "ChessBase"]
[SourceDate "2021.10.06"]
[SourceVersion "1"]
[SourceVersionDate "2021.10.06"]
[SourceQuality "1"]

1. d4 Nf6 2. c4 g6 3. Nc3 Bg7 4. e4 d6 5. Be2 O-O 6. Nf3 c6 7. O-O Nbd7 8. b4 Qc7 9. Rb1 b6 10. h3 Bb7 11. Be3 Rad8 12. Qc2 Rfe8 13. Nd2 e5 14. d5 cxd5 15. Nb5 Qb8 16. cxd5 Rc8 17. Qb3 a6 18. Nc3 Kh8 19. a4 Kg8 20. f3 Nh5 21. Kh2 Nf4 22. Rfe1 Nxe2 23. Rxe2 Qc7 24. Rc1 Qd8 25. Nc4 Qc7 26. Nd2 Qd8 27. Nc4 Qc7 28. Nd2 1/2-1/2

[Event "Montreal Mercredi 05"]
[Site "Montreal CAN"]
[Date "2007.05.30"]
[Round "3"]
[White "Gilman, Arkadiy"]
[Black "Regnier, Alain"]
[Result "1-0"]
[WhiteElo "2068"]
[BlackElo "2091"]
[PlyCount "90"]
[GameId "2160767910684463"]
[EventDate "2007.05.16"]
[EventType "swiss"]
[EventRounds "6"]
[EventCountry "CAN"]
[SourceTitle "EXT 2022"]
[Source "ChessBase"]
[SourceDate "2021.10.06"]
[SourceVersion "1"]
[SourceVersionDate "2021.10.06"]
[SourceQuality "1"]

1. d4 d5 2. c4 dxc4 3. Nf3 Nf6 4. e3 Bf5 5. Bxc4 e6 6. Qb3 Qc8 7. Nc3 a6 8. O-O Be7 9. Re1 b5 10. Bf1 Qb7 11. Ne5 Nbd7 12. Nxd7 Nxd7 13. a4 b4 14. a5 O-O 15. Na4 Be4 16. f3 Bd5 17. Bc4 Bxc4 18. Qxc4 Qb5 19. Qxc7 Rfc8 20. Qf4 e5 21. Qe4 g6 22. Bd2 f5 23. Qb1 Rc7 24. Rc1 Rac8 25. Rxc7 Rxc7 26. Qf1 Bf6 27. Qxb5 axb5 28. Nb6 exd4 29. Nd5 Ra7 30. Nxf6+ Nxf6 31. Bxb4 dxe3 32. Bc5 Ra6 33. Bxe3 Nd5 34. Bc5 Kf7 35. b4 Ke6 36. Re1+ Kf6 37. Rd1 Ke5 38. Kf2 f4 39. g4 fxg3+ 40. hxg3 g5 41. Re1+ Kf6 42. Re8 h5 43. Rh8 Kg6 44. Rd8 Nc7 45. Bb6 Ne6 1-0

[Event "Montreal Mercredi 05"]
[Site "Montreal CAN"]
[Date "2007.05.30"]
[Round "3"]
[White "Katch, Gary"]
[Black "Millette, Sylvain"]
[Result "1-0"]
[WhiteElo "1746"]
[BlackElo "1655"]
[PlyCount "113"]
[GameId "2160767910684464"]
[EventDate "2007.05.16"]
[EventType "swiss"]
[EventRounds "6"]
[EventCountry "CAN"]
[SourceTitle "EXT 2022"]
[Source "ChessBase"]
[SourceDate "2021.10.06"]
[SourceVersion "1"]
[SourceVersionDate "2021.10.06"]
[SourceQuality "1"]

1. e4 d6 2. d4 Nf6 3. Nc3 g6 4. Be3 Bg7 5. Qd2 Ng4 6. Bg5 h6 7. Bh4 g5 8. Bg3 Nc6 9. h3 Nf6 10. O-O-O Nh5 11. Nf3 Nxg3 12. fxg3 e5 13. d5 Nd4 14. Nxd4 exd4 15. Nb5 Be5 16. Nxd4 Bxg3 17. Kb1 Qe7 18. Bb5+ Bd7 19. Nf5 Qe5 20. Bxd7+ Kxd7 21. Nxg3 Qxg3 22. Rhf1 Raf8 23. Rf3 Qe5 24. Qb4 f5 25. exf5 Rxf5 26. Rxf5 Qxf5 27. Qxb7 Re8 28. Qb5+ Kd8 29. Rf1 Qe4 30. Qb8+ Kd7 31. Rf7+ Re7 32. Qb5+ Kd8 33. Rf8+ Re8 34. Rxe8+ Qxe8 35. Qxe8+ Kxe8 36. Kc1 Ke7 37. Kd2 Kf6 38. Ke3 Ke5 39. c4 h5 40. b4 Kf5 41. g3 Ke5 42. a4 Kf5 43. a5 Ke5 44. g4 hxg4 45. hxg4 Kf6 46. Kd4 Ke7 47. Ke4 Kf6 48. a6 Kg6 49. c5 dxc5 50. bxc5 Kf6 51. d6 cxd6 52. cxd6 Ke6 53. d7 Kxd7 54. Kf5 Ke7 55. Kxg5 Kf7 56. Kf5 Kg7 57. Ke6 1-0

[Event "Montreal Mercredi 05"]
[Site "Montreal CAN"]
[Date "2007.05.30"]
[Round "3"]
[White "Landry, Martin"]
[Black "Bergeron, Rene"]
[Result "1-0"]
[WhiteElo "1545"]
[BlackElo "1546"]
[PlyCount "111"]
[GameId "2160767910684466"]
[EventDate "2007.05.16"]
[EventType "swiss"]
[EventRounds "6"]
[EventCountry "CAN"]
[SourceTitle "EXT 2022"]
[Source "ChessBase"]
[SourceDate "2021.10.06"]
[SourceVersion "1"]
[SourceVersionDate "2021.10.06"]
[SourceQuality "1"]

1. d4 Nf6 2. c4 e6 3. Nc3 Bb4 4. Qc2 O-O 5. a3 Bxc3+ 6. bxc3 b6 7. e4 d6 8. Bd3 h6 9. Ne2 Nc6 10. h3 Na5 11. Be3 Ba6 12. Qa2 c5 13. f3 Nd7 14. O-O Kh8 15. Rfd1 Qh4 16. Bf2 Qg5 17. f4 Qe7 18. Ng3 Rad8 19. Qe2 Nf6 20. e5 dxe5 21. fxe5 Nd7 22. Ne4 f5 23. Nd6 Nb7 24. Nxb7 Bxb7 25. Qh5 Qf7 26. Qe2 Qg6 27. Bh4 Rde8 28. Rf1 Qf7 29. g4 g5 30. Bxg5 hxg5 31. gxf5 Qh7 32. Qg4 Qh4 33. Ra2 Qxg4+ 34. hxg4 Rf7 35. Rh2+ Rh7 36. Rxh7+ Kxh7 37. fxe6+ Kg7 38. Rf7+ Kg8 39. Rxd7 Bf3 40. Bf5 Be2 41. e7 Kf7 42. Rxa7 Bxc4 43. Rb7 Rxe7 44. Rxe7+ Kxe7 45. Kf2 Bd5 46. Ke3 Be6 47. Be4 Kd7 48. d5 Bg8 49. Bf5+ Kd8 50. Ke4 Kc7 51. a4 Bf7 52. Kd3 b5 53. axb5 Kb6 54. Bd7 Bg6+ 55. Kc4 Be4 56. e6 1-0

[Event "Montreal Mercredi 05"]
[Site "Montreal CAN"]
[Date "2007.05.30"]
[Round "3"]
[White "Leclair, Hugues"]
[Black "Plante, Michel"]
[Result "0-1"]
[WhiteElo "1797"]
[BlackElo "1955"]
[PlyCount "114"]
[GameId "2160767910684467"]
[EventDate "2007.05.16"]
[EventType "swiss"]
[EventRounds "6"]
[EventCountry "CAN"]
[SourceTitle "EXT 2022"]
[Source "ChessBase"]
[SourceDate "2021.10.06"]
[SourceVersion "1"]
[SourceVersionDate "2021.10.06"]
[SourceQuality "1"]

1. e4 d6 2. d4 Nf6 3. Nc3 g6 4. Nf3 Bg7 5. h3 c6 6. a4 b6 7. Bc4 O-O 8. Qe2 Bb7 9. e5 dxe5 10. dxe5 Nd5 11. Ne4 Nd7 12. e6 f5 13. Neg5 N7f6 14. O-O Qc7 15. Nf7 Ne4 16. Bxd5 cxd5 17. Nh6+ Kh8 18. h4 f4 19. Nf7+ Kg8 20. h5 Rac8 21. hxg6 hxg6 22. c3 Qc4 23. Qxc4 dxc4 24. Rd1 Nc5 25. N7e5 Bxf3 26. Nxf3 Nxe6 27. Rd7 Rc7 28. Rxc7 Nxc7 29. Nd2 Rd8 30. Kf1 Ne6 31. Nxc4 Rd1+ 32. Ke2 Rg1 33. a5 b5 34. Na3 b4 35. cxb4 Nd4+ 36. Kd3 Nb3 37. Rb1 Rxc1 38. Rxc1 Nxc1+ 39. Kc4 Bxb2 40. Nb5 a6 41. Nc7 e5 42. Kd5 Nd3 43. Nxa6 Bd4 44. b5 Bxf2 45. b6 g5 46. Nc7 g4 47. Nb5 g3 48. Ke4 Nc5+ 49. Kf3 Be1 50. a6 Nxa6 51. b7 Kg7 52. Nd6 Nb8 53. Ne4 Bb4 54. Kg4 Kg6 55. Ng5 Kf6 56. Ne4+ Ke6 57. Kf3 Kf5 0-1

[Event "Montreal Mercredi 05"]
[Site "Montreal CAN"]
[Date "2007.05.30"]
[Round "3"]
[White "Matheson, Ben"]
[Black "Antoine, Vladimir"]
[Result "0-1"]
[WhiteElo "1551"]
[BlackElo "1624"]
[PlyCount "44"]
[GameId "2160767910684468"]
[EventDate "2007.05.16"]
[EventType "swiss"]
[EventRounds "6"]
[EventCountry "CAN"]
[SourceTitle "EXT 2022"]
[Source "ChessBase"]
[SourceDate "2021.10.06"]
[SourceVersion "1"]
[SourceVersionDate "2021.10.06"]
[SourceQuality "1"]

1. e4 e5 2. Nf3 Nc6 3. Bc4 Nf6 4. Ng5 d5 5. exd5 Na5 6. Bb5+ c6 7. dxc6 bxc6 8. Be2 h6 9. Nf3 Bd6 10. d4 e4 11. Nfd2 O-O 12. f3 Re8 13. fxe4 Nxe4 14. Nxe4 Rxe4 15. Nc3 Rxd4 16. Bd2 Qh4+ 17. Kf1 Bf4 18. Bd3 Nc4 19. Bxc4 Bxd2 20. Qe2 Bg4 21. Bxf7+ Kxf7 22. Qe5 Rf4+ 0-1

[Event "Montreal Mercredi 05"]
[Site "Montreal CAN"]
[Date "2007.05.30"]
[Round "3"]
[White "Pregent, Daniel"]
[Black "Poschmann, Jeremie"]
[Result "0-1"]
[WhiteElo "1814"]
[BlackElo "1852"]
[PlyCount "102"]
[GameId "2160767910684469"]
[EventDate "2007.05.16"]
[EventType "swiss"]
[EventRounds "6"]
[EventCountry "CAN"]
[SourceTitle "EXT 2022"]
[Source "ChessBase"]
[SourceDate "2021.10.06"]
[SourceVersion "1"]
[SourceVersionDate "2021.10.06"]
[SourceQuality "1"]

1. d4 Nf6 2. Nf3 e6 3. c4 c5 4. e3 d5 5. Nc3 Be7 6. b3 cxd4 7. exd4 Bb4 8. Bd2 Qa5 9. Qc2 Nc6 10. Bd3 dxc4 11. bxc4 Qd8 12. O-O O-O 13. Rfd1 Be7 14. Ne4 h6 15. Bc3 Nb4 16. Nxf6+ gxf6 17. Bxb4 Bxb4 18. Qc1 Kg7 19. Qf4 Rg8 20. Rab1 Bd6 21. Qe3 b6 22. c5 Bc7 23. Qe4 Rb8 24. Qh7+ Kf8 25. Qxh6+ Ke7 26. d5 bxc5 27. Rxb8 Bxb8 28. Qe3 Qxd5 29. Bc2 Qh5 30. Rb1 Bd6 31. Qa3 a5 32. Be4 Qg4 33. Nd2 Qf4 34. Qxa5 Qxh2+ 35. Kf1 Qh1+ 36. Ke2 Qh5+ 37. Bf3 Qe5+ 38. Kf1 Rh8 39. g3 Qd4 40. Qa7+ Kf8 41. Rd1 Qd3+ 42. Kg2 Qa6 43. Qxa6 Bxa6 44. Ne4 Be7 45. Rc1 c4 46. Be2 Bb7 47. f3 Ba6 48. Bxc4 Bb7 49. Nc3 Kg7 50. a4 Rc8 51. Bb5 Ba3 0-1

[Event "Montreal Mercredi 05"]
[Site "Montreal CAN"]
[Date "2007.05.30"]
[Round "3"]
[White "Teasdale, Alain"]
[Black "Sekki, Abderaouf"]
[Result "0-1"]
[WhiteElo "1627"]
[BlackElo "1644"]
[PlyCount "66"]
[GameId "2160767910684470"]
[EventDate "2007.05.16"]
[EventType "swiss"]
[EventRounds "6"]
[EventCountry "CAN"]
[SourceTitle "EXT 2022"]
[Source "ChessBase"]
[SourceDate "2021.10.06"]
[SourceVersion "1"]
[SourceVersionDate "2021.10.06"]
[SourceQuality "1"]

1. e4 d6 2. d4 g6 3. f4 Bg7 4. Nf3 Nf6 5. Nc3 O-O 6. Bd3 c5 7. e5 Nh5 8. O-O cxd4 9. Nxd4 dxe5 10. Nde2 exf4 11. Nxf4 Nxf4 12. Rxf4 Nc6 13. Bd2 Ne5 14. Be2 Bh6 15. Re4 Bxd2 16. Rxe5 Qd4+ 17. Kh1 Bxc3 18. Rxe7 Bxb2 19. Qxd4 Bxd4 20. Rd1 Bf6 21. Rc7 Bd8 22. Rc3 Be6 23. a3 Bb6 24. Bf3 Rfd8 25. Rcd3 Rxd3 26. cxd3 Rd8 27. Bxb7 Bb3 28. Rd2 Ba5 29. Re2 Rxd3 30. Re8+ Kg7 31. h4 Bd5 32. Bc8 Rxa3 33. Re5 Ra1+ 0-1

[Event "Montreal Mercredi 05"]
[Site "Montreal CAN"]
[Date "2007.06.06"]
[Round "4"]
[White "Antoine, Vladimir"]
[Black "Landry, Martin"]
[Result "1/2-1/2"]
[WhiteElo "1624"]
[BlackElo "1545"]
[PlyCount "69"]
[GameId "2160767910684471"]
[EventDate "2007.05.16"]
[EventType "swiss"]
[EventRounds "6"]
[EventCountry "CAN"]
[SourceTitle "EXT 2022"]
[Source "ChessBase"]
[SourceDate "2021.10.06"]
[SourceVersion "1"]
[SourceVersionDate "2021.10.06"]
[SourceQuality "1"]

1. e4 c5 2. Nc3 e6 3. g3 Nc6 4. Bg2 d6 5. d3 Nf6 6. h3 h6 7. Be3 d5 8. exd5 Nxd5 9. Nxd5 exd5 10. d4 Be6 11. dxc5 Bxc5 12. Bxc5 Qa5+ 13. c3 Qxc5 14. Ne2 O-O 15. O-O Rad8 16. Nd4 Nxd4 17. Qxd4 Qxd4 18. cxd4 Rc8 19. Rac1 b6 20. Rfe1 Rfd8 21. Bf1 Rxc1 22. Rxc1 Rc8 23. Rxc8+ Bxc8 24. Bg2 Be6 25. Kf1 Kf8 26. Ke1 Ke7 27. Kd2 Kd6 28. h4 g5 29. Ke3 Ke7 30. Bf3 Kf6 31. Bg2 Kg6 32. hxg5 hxg5 33. Kd2 Kf5 34. Ke3 Kg6 35. Kd2 1/2-1/2

[Event "Montreal Mercredi 05"]
[Site "Montreal CAN"]
[Date "2007.06.06"]
[Round "4"]
[White "Beland, Stephane"]
[Black "Matheson, Ben"]
[Result "1-0"]
[WhiteElo "1585"]
[BlackElo "1551"]
[PlyCount "103"]
[GameId "2160767910684472"]
[EventDate "2007.05.16"]
[EventType "swiss"]
[EventRounds "6"]
[EventCountry "CAN"]
[SourceTitle "EXT 2022"]
[Source "ChessBase"]
[SourceDate "2021.10.06"]
[SourceVersion "1"]
[SourceVersionDate "2021.10.06"]
[SourceQuality "1"]

1. Nf3 g6 2. e4 d6 3. d4 Bg7 4. c4 Nd7 5. Nc3 e5 6. Be2 Ne7 7. O-O O-O 8. Bg5 f6 9. Bh4 c5 10. dxc5 dxc5 11. Qd6 Nc6 12. Nd5 Rb8 13. Rad1 Kh8 14. a3 Nd4 15. Nxd4 cxd4 16. Bg4 Rf7 17. f4 Qf8 18. Qc7 Qc5 19. Qxc5 Nxc5 20. Bxc8 Rxc8 21. fxe5 f5 22. Bf6 Nxe4 23. Bxg7+ Kxg7 24. e6 Rff8 25. Rxd4 Rfe8 26. e7 Nd6 27. Rc1 b5 28. c5 Ne4 29. b4 Nf6 30. Re1 a5 31. Re6 Nxd5 32. Rxd5 axb4 33. axb4 Kf7 34. Rb6 Rb8 35. Rd7 Rxb6 36. cxb6 Rb8 37. Rc7 Rxb6 38. Kf2 Ke8 39. Ke3 Re6+ 40. Kd4 Re4+ 41. Kc5 Rc4+ 42. Kd6 Rxc7 43. Kxc7 Kxe7 44. Kc6 Kd8 45. Kxb5 Kc7 46. Kc5 h5 47. h4 f4 48. Kd5 Kb6 49. Ke4 Kb5 50. Kxf4 Kxb4 51. Kg5 Kc5 52. Kxg6 1-0

[Event "Montreal Mercredi 05"]
[Site "Montreal CAN"]
[Date "2007.06.06"]
[Round "4"]
[White "Frangulian, Eric"]
[Black "Bergeron, Rene"]
[Result "1-0"]
[WhiteElo "1545"]
[BlackElo "1546"]
[PlyCount "57"]
[GameId "2160767910684474"]
[EventDate "2007.05.16"]
[EventType "swiss"]
[EventRounds "6"]
[EventCountry "CAN"]
[SourceTitle "EXT 2022"]
[Source "ChessBase"]
[SourceDate "2021.10.06"]
[SourceVersion "1"]
[SourceVersionDate "2021.10.06"]
[SourceQuality "1"]

1. e4 d5 2. exd5 Qxd5 3. Nc3 Qd6 4. d4 Nf6 5. Nf3 Bg4 6. Be2 Nc6 7. Nb5 Qd7 8. Bf4 Rc8 9. Be3 e6 10. O-O a6 11. Nc3 Be7 12. Ne5 Nxe5 13. dxe5 Qxd1 14. Raxd1 Bxe2 15. Nxe2 Nd5 16. Bc1 O-O 17. a3 Rfd8 18. Ng3 b5 19. Ne4 h6 20. Rd3 Rd7 21. Rg3 g5 22. f4 Rcd8 23. fxg5 hxg5 24. Bxg5 Bxg5 25. Nxg5 Kf8 26. Nh7+ Ke7 27. Rg7 Ke8 28. Ng5 Ne3 29. Rg8+ 1-0